LIBRARY & INFORMATION CENTRE, KCAET, TAVANUR

ONLINE PUBLIC ACCESS CATALOGUE (OPAC)

Text book of plant physiology / (Record no. 7425)

MARC details
000 -LEADER
fixed length control field 00459cam a2200193ua 4500
041 ## - LANGUAGE CODE
Language code of text/sound track or separate title eng
082 ## - DEWEY DECIMAL CLASSIFICATION NUMBER
Classification number 581.1
Item number KOC/TE
100 ## - MAIN ENTRY--AUTHOR NAME
Personal name Kochhar, P L .
245 ## - TITLE STATEMENT
Title Text book of plant physiology /
250 ## - EDITION STATEMENT
Edition statement 7 /
260 ## - PUBLICATION, DISTRIBUTION, ETC. (IMPRINT)
Place of publication :
Name of publisher Atmaram and Sons ,
Year of publication 1964.
300 ## - PHYSICAL DESCRIPTION
Number of Pages 377 ; .
700 1# - ADDED ENTRY--PERSONAL NAME
Personal name Joshi, A C .
942 ## - ADDED ENTRY ELEMENTS (KOHA)
Koha item type Books
Holdings
Withdrawn status Lost status Damaged status Home library Current library Date acquired Full call number Accession Number Koha item type
Withdrawn     KAUAET KAUAET 07/04/2012 581.1 8120 Books
free website counter